Obchodný zákonník veľký komentár

Enregistré dans:
Détails bibliographiques
Auteur principal: Ovečková, Oľga
Autres auteurs: Csach, Kristián, Frindrich, Juraj
Format: Livre
Langue:slovaque
Publié: Bratislava Wolters Kluwer 2022
Édition:2. vydanie
Sujets:
Tags: Ajouter un tag
Pas de tags, Soyez le premier à ajouter un tag!

MARC

LEADER 00000nam a2200000 4500
001 0283012
005 20240618110418.4
020 |a 978-80-571-0436-0 
041 0 |a slo 
044 |a SK 
245 1 0 |a Obchodný zákonník  |b veľký komentár  |c Oľga Ovečková a kolektív 
250 |a 2. vydanie 
264 1 |a Bratislava  |b Wolters Kluwer  |c 2022 
300 |a 2097 s. 
610 2 0 |a zákonník obchodný 
610 2 0 |a právo obchodné 
610 2 0 |a zákony 
610 2 0 |a komentáre 
610 2 0 |a spoločnosti obchodné 
610 2 0 |a družstvá 
100 1 |a Ovečková, Oľga 
700 1 |a Csach, Kristián 
700 1 |a Frindrich, Juraj